<?xml version="1.0" encoding="UTF-8"?>
<record
    xmlns:xsi="http://www.w3.org/2001/XMLSchema-instance"
    xsi:schemaLocation="http://www.loc.gov/MARC21/slim http://www.loc.gov/standards/marcxml/schema/MARC21slim.xsd"
    xmlns="http://www.loc.gov/MARC21/slim">

  <leader>01481    a2200205   4500</leader>
  <controlfield tag="001">36092</controlfield>
  <controlfield tag="005">20260407155638.0</controlfield>
  <controlfield tag="008">260407a    arg                 spa d    </controlfield>
  <controlfield tag="003">AR-UNSa-BCEJYS</controlfield>
  <datafield tag="040" ind1=" " ind2=" ">
    <subfield code="a">AR-UNSa-BCEJYS</subfield>
    <subfield code="b">spa</subfield>
    <subfield code="c">AR-UNSa-BCEJYS</subfield>
  </datafield>
  <datafield tag="080" ind1=" " ind2=" ">
    <subfield code="a">658.012.2</subfield>
    <subfield code="x">Planificaci&#xF3;n. Programas. Planes. Medidas de apoyo a la planificaci&#xF3;n( Administraci&#xF3;n estrat&#xE9;gica...)</subfield>
  </datafield>
  <datafield tag="245" ind1="1" ind2="0">
    <subfield code="a">Planeaci&#xF3;n financiera estrat&#xE9;gica</subfield>
    <subfield code="p">gu&#xED;a del administrador para mejorar los resultados expresados en utilidades</subfield>
  </datafield>
  <datafield tag="020" ind1=" " ind2=" ">
    <subfield code="a">968-26-0448-6</subfield>
  </datafield>
  <datafield tag="264" ind1=" " ind2="1">
    <subfield code="a">M&#xE9;xico :</subfield>
    <subfield code="b">CECSA (Compa&#xF1;ia Editorial Continental)</subfield>
  </datafield>
  <datafield tag="300" ind1=" " ind2=" ">
    <subfield code="a">254 p.</subfield>
    <subfield code="c">23 cm.</subfield>
  </datafield>
  <datafield tag="505" ind1=" " ind2=" ">
    <subfield code="a">1. Estrategia y toma de decisiones - 2. Las acciones comunes: Un amortiguador - 3. Pasivo: El amplificador - 4. El costo de capital promedio ponderado: Una mezcla - 5. Acciones preferentes: Una postura intermedia - 6. Caso h&#xED;drido: Las obligaciones convertibles - 7. Las distribuciones: dividendos y dem&#xE1;s cosas - 8. El proceso de asignaci&#xF3;n: la estrategia de presupuesto de capital - 9. El casamiento: Fusiones y adquisiciones - 10. El problema concerniente a : estrategia financiera internacional - 11. El &#xFA;ltimo rengl&#xF3;n: las utilidades por acci&#xF3;n - 12. El pasivo ligero: arrendamientos - 13. Una nueva dimensi&#xF3;n: Administraci&#xF3;n del riesgo - 14. La cuarta dimensi&#xF3;n: admistraci&#xF3;n de riesgo - 15. Estrategia; un estado mental.</subfield>
  </datafield>
  <datafield tag="942" ind1=" " ind2=" ">
    <subfield code="c">BK</subfield>
  </datafield>
  <datafield tag="590" ind1=" " ind2=" ">
    <subfield code="a">niveau_biblio:m niveau_hierar:0</subfield>
  </datafield>
  <datafield tag="100" ind1="1" ind2=" ">
    <subfield code="a">Bierman, Harold, Jr.</subfield>
  </datafield>
  <datafield tag="999" ind1=" " ind2=" ">
    <subfield code="c">2610</subfield>
    <subfield code="d">2610</subfield>
  </datafield>
  <datafield tag="952" ind1=" " ind2=" ">
    <subfield code="0">0</subfield>
    <subfield code="1">0</subfield>
    <subfield code="4">0</subfield>
    <subfield code="7">0</subfield>
    <subfield code="a">BCEJYS</subfield>
    <subfield code="b">BCEJYS</subfield>
    <subfield code="c">16</subfield>
    <subfield code="d">2026-04-07</subfield>
    <subfield code="l">0</subfield>
    <subfield code="o">658.012.2 B586</subfield>
    <subfield code="p">L39678</subfield>
    <subfield code="r">2026-04-07 15:56:38</subfield>
    <subfield code="w">2026-04-07</subfield>
    <subfield code="y">L</subfield>
  </datafield>
  <datafield tag="952" ind1=" " ind2=" ">
    <subfield code="0">0</subfield>
    <subfield code="1">0</subfield>
    <subfield code="4">0</subfield>
    <subfield code="7">0</subfield>
    <subfield code="a">BCEJYS</subfield>
    <subfield code="b">BCEJYS</subfield>
    <subfield code="c">16</subfield>
    <subfield code="d">2026-04-07</subfield>
    <subfield code="l">0</subfield>
    <subfield code="o">658.012.2 B586</subfield>
    <subfield code="p">L39679</subfield>
    <subfield code="r">2026-04-07 15:56:38</subfield>
    <subfield code="w">2026-04-07</subfield>
    <subfield code="y">L</subfield>
  </datafield>
</record>
